000 00443nam a2200181Ia 4500
001 14943
005 20260306164951.0
008 260306t2006||||xx |||||||||||||| ||spa||
041 _aESP
082 _a519.5
_bS23M
100 _aSánchez Algarra, Pedro (coord.)
_eAUT
245 0 _aMétodos estadísticos aplicados
260 _c2006
300 _a334 páginas :
_c30 cm.
650 _aGEN
654 _aCMA
942 _cLIB
_dJUS
_fJUS
_2ddc
_n
999 _c14943
_d14943